Rocket league Championship season 4 - Statistics

General Stats
  • This quiz has been taken 31 times
  • The average score is 7 of 10
Answer Stats
Hint Answer % Correct
9.-10. NRG Esports
96%
3. Cloud9
89%
4. G2 ESports
89%
1. Gale Force eSports
86%
2. Method
71%
7.-8. Chiefs eSports Club
64%
7.-8. Mock-it eSports
64%
5.-6. Ghost Gaming
61%
5.-6. PSG eSports
50%
9.-10 Pale Horse eSports
36%
No matching quizzes found
Score Distribution
Percent of People with Each Score
Percentile by Number Answered
Your Score History
You have not taken this quiz